000
00217nam a22000857a 4500
008
170125b xxu||||| |||| 00| 0 eng d
100
_9
2569
_a
Brien.O.T.
245
_a
General Knowledge-5
260
_a
New Delhi
_b
S. Chand
_c
2010
999
_c
5687
_d
5687